• 首页
  • 本馆介绍
  • 公告通知
  • 最新文献
  • 馆藏检索
  • 电子资源
  • 读者导购
  • 参考咨询
  • 我的图书馆
  • 登录
  • 详细信息显示
  • 放入我的书架
  • 预约/预借图书
  • 作者相关作品
  • 分类相关作品
  • 丛书相关作品
  • 出版社相关作品

书目信息

  • 表格格式
  • 工作单格式
  • 卡片格式
题名:
血型说明书
    
 
作者: 赵玲卿 著 ;赵恩爱 , 亚芳 绘
分册:  
出版信息: 长沙   湖南人民出版社  2011
页数: 163页
开本: 21cm
丛书名:
单 册:
中图分类: B848.6
科图分类:
主题词: 血型--关系--性格--通俗读物
电子资源:
ISBN: 978-7-5438-7930-0
000 00854nam0 2200265 450
001 005698682
005 20151210153233.79
010    @a978-7-5438-7930-0@dCNY22.00
100    @a20120417d2011 em y0chiy50 ea
101 1  @achi@ckor
102    @aCN@b430000
105    @ay z 000yy
106    @ar
200 1  @a血型说明书@Axue xing shuo ming shu@f(韩)赵玲卿著@g(韩)赵恩爱绘@g亚芳译
210    @a长沙@c湖南人民出版社@d2011
215    @a163页@c图@d21cm
300    @a粉红书系
330    @a本书从血型的角度将青春少女成长中遇到的生理、心理、学习、交友、穿衣打扮等各种问题深入浅出的表现出来。
606 0  @a血型@x关系@x性格@j通俗读物
690    @aB848.6@v5
701  0 @c(韩)@a赵玲卿@Azhao ling qing@4著
702  0 @c(韩)@a赵恩爱@Azhao en ai@4绘
702  0 @a亚芳@Aya fang@4译
801  0 @aCN@b碧洲教育@c20151129
905    @a10447@f3@dB848.6@e1301
    
    血型说明书/(韩)赵玲卿著/(韩)赵恩爱绘/亚芳译.-长沙:湖南人民出版社,2011
    163页:图;21cm
    粉红书系
    
    ISBN 978-7-5438-7930-0:CNY22.00
    本书从血型的角度将青春少女成长中遇到的生理、心理、学习、交友、穿衣打扮等各种问题深入浅出的表现出来。
●
相关链接 在E读中查询图书 在五车中查询图书 在当当中查询图书 在豆瓣中查询图书


正题名:血型说明书     索取号:B848.6/1301         预约/预借

序号 登录号 条形码 馆藏地/架位号 状态 备注
1 0872399   208723997   第一样本阅览室/ [索取号:B848.6/1301] 在馆    
2 0872400   208724004   教育系资料室/ [索取号:B848.6/1301] 在馆    
3 0872401   208724013   教育系资料室/ [索取号:B848.6/1301] 在馆    
唐山师范学院图书馆 欢迎您!
大连网信软件有限公司© 版权所有